000 00576nam a22001817a 4500
005 20151201111151.0
010 _a ENG-114183
020 _a9789351435549
_c395.00
035 _aEN-97715
037 _bDBAD/PUB
082 _a347.5409
100 _aWarrier, Vishnu S.
245 _aArbitration, conciliation and mediation /
_cby Vishnu S. Warrier
260 _aGurgaon
_bLexisNexis
_c2015
270 _a14th Floor, Building No 10, Tower- B, DLF Cyber City , Phase-II,
_bGurgaon
_e122002
300 _aix,259p.
_c24cm(pbk)
942 _2ddc
_cEN
_mWAR
_h347.5409
999 _c97582
_d97582